Catalog

Record Details

Catalog Search



Soudržnost v diferencující se společnosti  Cover Image Book Book

Soudržnost v diferencující se společnosti / Milan Tuček (ed.) ; [autorský kolektiv Ivo Bayer ... et al.]

Tuček, Milan, 1948- (Editor, Author). Bayer, Ivo (Author).

Summary:

Studie opírající především se o sociologické výzkumy z roku 2006 se snaží čtenáři poskytnout celkový pohled na problematiku soudržnosti v současné diferencující se české společnosti.

Record details

  • ISBN: 978-80-7330-145-3 (brož.)
  • Physical Description: 245 s. : il., mapa ; 24 cm
  • Edition: 1. vyd.
  • Publisher: Praha : Sociologický ústav Akademie věd České republiky, 2008

Content descriptions

General Note:
200 výt.
Bibliography, etc. Note:
Obsahuje bibliografii
Language Note:
Anglické resumé
Subject: společnost > Česko > 20.-21. stol.
sociální stratifikace > Česko > 20.-21. stol.
sociální nerovnost > Česko > 20.-21. stol.
koheze (sociologie) > Česko > 20.-21. stol.
society > Czechia > 20th-21st centuries
social stratification > Czechia > 20th-21st centuries
social inequality > Czechia > 20th-21st centuries
cohesion (sociology) > Czechia > 20th-21st centuries
Genre: studie
studies

Available copies

  • 1 of 1 copy available at Common Catalog SPOK.

Holds

  • 0 current holds with 1 total copy.
Show Only Available Copies
Location Call Number / Copy Notes Barcode Shelving Location Status Due Date
Jabok Library SPo-3 424480034906 Odborná literatura Available -

LDR 03540nam a2200901 a 4500
00118440
003CZ-PrJAB
00520220328094100.0
007ta
008091006s2008 xr a f 000 0 cze
015 . ‡acnb001998054
020 . ‡a978-80-7330-145-3 (brož.)
035 . ‡a(CZ PrSKC)nkc20091998054
035 . ‡a(OCoLC)500008032
040 . ‡aBOA001 ‡bcze ‡dABA001
0410 . ‡acze ‡beng
043 . ‡ae-xr---
045 . ‡ax-y-
072 7. ‡a316.3 ‡xGlobální společnosti. Sociální struktura. Sociální skupiny ‡2Konspekt ‡918
080 . ‡a316.3 ‡2MRF
080 . ‡a316.34 ‡2MRF
080 . ‡a364.614 ‡2MRF
080 . ‡a316.454.4 ‡2MRF
080 . ‡a(437.3) ‡2MRF
080 . ‡a(048.8) ‡2MRF
24500. ‡aSoudržnost v diferencující se společnosti / ‡cMilan Tuček (ed.) ; [autorský kolektiv Ivo Bayer ... et al.]
250 . ‡a1. vyd.
260 . ‡aPraha : ‡bSociologický ústav Akademie věd České republiky, ‡c2008
300 . ‡a245 s. : ‡bil., mapa ; ‡c24 cm
500 . ‡a200 výt.
504 . ‡aObsahuje bibliografii
5209 . ‡aStudie opírající především se o sociologické výzkumy z roku 2006 se snaží čtenáři poskytnout celkový pohled na problematiku soudržnosti v současné diferencující se české společnosti.
546 . ‡aAnglické resumé
648 7. ‡a20.-21. stol. ‡7ch462155 ‡2czenas
65007. ‡aspolečnost ‡7ph116245 ‡zČesko ‡y20.-21. stol. ‡2czenas
65007. ‡asociální stratifikace ‡7ph136704 ‡zČesko ‡y20.-21. stol. ‡2czenas
65007. ‡asociální nerovnost ‡7ph125796 ‡zČesko ‡y20.-21. stol. ‡2czenas
65007. ‡akoheze (sociologie) ‡7ph234790 ‡zČesko ‡y20.-21. stol. ‡2czenas
65009. ‡asociety ‡zCzechia ‡y20th-21st centuries ‡2eczenas
65009. ‡asocial stratification ‡zCzechia ‡y20th-21st centuries ‡2eczenas
65009. ‡asocial inequality ‡zCzechia ‡y20th-21st centuries ‡2eczenas
65009. ‡acohesion (sociology) ‡zCzechia ‡y20th-21st centuries ‡2eczenas
655 7. ‡astudie ‡7fd133597 ‡2czenas
655 9. ‡astudies ‡2eczenas
7001 . ‡aTuček, Milan, ‡d1948- ‡7jn20000402420 ‡4edt ‡4aut
7001 . ‡aBayer, Ivo ‡7jx20090513008 ‡4aut
910 . ‡aABG312
901 . ‡a18440 ‡b ‡c18440 ‡tbiblio

Additional Resources